000 00611nam a2200205 i 4500
001 13687
003 ES-MaACL
005 20230906150636.0
007 t|
008 980528s1997 sp a |||| | spa d
020 _a84-605-5798-7
080 _a946.522 Jaca 1930
100 1 _aGómez, Esteban C.
_957757
245 1 3 _aLa insurrección de Jaca
_b: los hombres que trajeron la República /
_cEsteban C. Gómez.
250 _a2ª ed.
260 _aBarcelona :
_bEscego,
_c1997.
300 _a703 p. :
_bil. ;
_c24 cm.
651 4 _aJaca-
_xHistoria-
_y1930, Sublevación.
_9170083
852 _aES-MaACL
_jL-21031
999 _c13687
_d13687